[Event "Medellin Easter op 11th"]
[Site "Medellin"]
[Date "2023.04.09"]
[Round "6"]
[White "Cordoba Perez, Jeronimo"]
[Black "Sanchez Arroyave, Juan Pablo"]
[Result "0-1"]
[WhiteElo "1887"]
[BlackElo "2058"]
[PlyCount "90"]
[EventDate "2023.04.05"]
[EventType "swiss"]
[EventRounds "7"]
[EventCountry "COL"]
[SourceTitle "CBM 213 Extra"]
[Source "ChessBase"]
[SourceDate "2023.05.31"]
[SourceVersion "1"]
[SourceVersionDate "2023.05.31"]
[SourceQuality "1"]

1. c4 Nf6 2. g3 e6 3. Bg2 d5 4. Nf3 Be7 5. 0-0 0-0 6. b3 d4 7. e3 c5 8. exd4 cxd4 9. Ne5 Qc7 10. Re1 Nbd7 11. Nxd7 Bxd7 12. Ba3 Bc6 13. Bxe7 Qxe7 14. f4 Qd6 15. d3 Rfe8 16. Nd2 e5 17. f5 h5 18. Ne4 Bxe4 19. Bxe4 Nxe4 20. Rxe4 g6 21. Qf3 Kg7 22. Rf1 Qf6 23. g4 Rh8 24. fxg6 Qxf3 25. Rxf3 f6 26. g5 Raf8 27. Rg3 Kxg6 28. Re2 Rhg8 29. h4 Kf5 30. Kg2 Ke6 31. Rf2 f5 32. Rgf3 Rf7 33. Re2 f4 34. Rf1 Kf5 35. Kf3 Re7 36. Re4 Rg6 37. Rfe1 Rge6 38. R1e2 Rc7 39. b4 b5 40. c5 a5 41. a3 axb4 42. axb4 Ra7 43. Rc2 Ra3 44. Rd2 Rb3 45. Re1 e4+ 0-1

[Event "Medellin Easter op 11th"]
[Site "Medellin"]
[Date "2023.04.06"]
[Round "3"]
[White "Sanchez Arroyave, Juan Pablo"]
[Black "Penate, Aldair"]
[Result "1-0"]
[WhiteElo "2058"]
[BlackElo "1856"]
[PlyCount "57"]
[EventDate "2023.04.05"]
[EventType "swiss"]
[EventRounds "7"]
[EventCountry "COL"]
[SourceTitle "CBM 213 Extra"]
[Source "ChessBase"]
[SourceDate "2023.05.31"]
[SourceVersion "1"]
[SourceVersionDate "2023.05.31"]
[SourceQuality "1"]

1. d4 d5 2. c4 c6 3. Nf3 Nf6 4. Nc3 dxc4 5. a4 Bf5 6. e3 e6 7. Bxc4 Be7 8. 0-0 0-0 9. Qe2 Nbd7 10. e4 Bg4 11. Rd1 Qc7 12. Bg5 Rfe8 13. h3 Bh5 14. Qe3 a5 15. Rac1 Bf8 16. e5 Nd5 17. Bxd5 exd5 18. Nxd5 Qb8 19. Nf4 Bxf3 20. Qxf3 Nb6 21. Qb3 Bb4 22. Nd3 Nd5 23. Bd2 Bxd2 24. Rxd2 Qa7 25. Nc5 Nb4 26. Ne4 Rad8 27. Nd6 Re6 28. f4 Rdxd6 29. exd6 1-0

[Event "COL-ch U26"]
[Site "Cali"]
[Date "2022.09.30"]
[Round "5"]
[White "Sanchez Arroyave, Juan Pablo"]
[Black "Gomez Barrero, Sergio"]
[Result "1-0"]
[WhiteElo "2058"]
[BlackElo "1973"]
[PlyCount "61"]
[EventDate "2022.09.28"]
[EventType "swiss"]
[EventRounds "6"]
[EventCountry "COL"]
[SourceTitle "CBM 210 Extra"]
[Source "ChessBase"]
[SourceDate "2022.11.30"]
[SourceVersion "1"]
[SourceVersionDate "2022.11.30"]
[SourceQuality "1"]

1. Nf3 g6 2. g3 Bg7 3. Bg2 c5 4. c4 e6 5. d3 Nc6 6. Nc3 Nge7 7. 0-0 d5 8. Bd2 0-0 9. Qc1 b6 10. Rb1 f5 11. a3 a5 12. Ne1 Ba6 13. Bg5 Qd7 14. cxd5 Nxd5 15. Nxd5 exd5 16. Nc2 Nd4 17. Qd1 a4 18. Nxd4 Bxd4 19. b3 axb3 20. Qxb3 c4 21. Qb4 Bc5 22. Qd2 Rfb8 23. Bf4 Rb7 24. a4 cxd3 25. exd3 Rd8 26. Rfe1 Qxa4 27. Bg5 Rbd7 28. Bxd8 Rxd8 29. Ra1 Qb5 30. d4 Bf8 31. Bf1 1-0

[Event "COL-ch U26"]
[Site "Cali"]
[Date "2022.09.29"]
[Round "4"]
[White "Martinez, Cristian Camilo"]
[Black "Sanchez Arroyave, Juan Pablo"]
[Result "1-0"]
[WhiteElo "2157"]
[BlackElo "2058"]
[PlyCount "67"]
[EventDate "2022.09.28"]
[EventType "swiss"]
[EventRounds "6"]
[EventCountry "COL"]
[SourceTitle "CBM 210 Extra"]
[Source "ChessBase"]
[SourceDate "2022.11.30"]
[SourceVersion "1"]
[SourceVersionDate "2022.11.30"]
[SourceQuality "1"]

1. e4 c5 2. d3 e6 3. g3 d5 4. Nd2 Nc6 5. Bg2 Nf6 6. Ngf3 Be7 7. 0-0 Qc7 8. Re1 b6 9. c3 Bb7 10. Nf1 0-0-0 11. Qa4 d4 12. cxd4 Nxd4 13. Nxd4 Rxd4 14. Qxa7 Qc6 15. Bf4 Kd7 16. Qa3 Rd8 17. Ne3 Ke8 18. e5 Nd5 19. Nxd5 R8xd5 20. Be3 Rb4 21. Qc3 Qd7 22. Rad1 Ba6 23. a3 Ra4 24. Qb3 Rxe5 25. Qxb6 Rd5 26. b3 Bd8 27. Qb8 Ra5 28. b4 Rb5 29. Qf4 Bg5 30. Qg4 Bxe3 31. Rxe3 Rd4 32. Qxg7 cxb4 33. axb4 Rbxb4 34. Qxh7 1-0

[Event "COL-ch U26"]
[Site "Cali"]
[Date "2022.09.29"]
[Round "3"]
[White "Sanchez Arroyave, Juan Pablo"]
[Black "Mora Suarez, Juan Felipe"]
[Result "1-0"]
[WhiteElo "2058"]
[BlackElo "1917"]
[PlyCount "79"]
[EventDate "2022.09.28"]
[EventType "swiss"]
[EventRounds "6"]
[EventCountry "COL"]
[SourceTitle "CBM 210 Extra"]
[Source "ChessBase"]
[SourceDate "2022.11.30"]
[SourceVersion "1"]
[SourceVersionDate "2022.11.30"]
[SourceQuality "1"]

1. Nf3 g6 2. g3 Bg7 3. Bg2 Nf6 4. c4 0-0 5. 0-0 d5 6. d4 Re8 7. b3 c6 8. Bb2 Qb6 9. Nbd2 a5 10. a3 Bf5 11. Rc1 Ne4 12. e3 Nd7 13. Nh4 Nxd2 14. Qxd2 Qxb3 15. Nxf5 gxf5 16. Rc3 Qb6 17. cxd5 c5 18. Rc4 Qa6 19. Rfc1 b5 20. R4c2 Rac8 21. dxc5 Bxb2 22. Rxb2 Nxc5 23. Qd4 Nb7 24. Rcb1 Nd6 25. Bf1 Nc4 26. Rxb5 Nxa3 27. Rb6 Qa8 28. R1b2 Nc2 29. Qe5 Nb4 30. R2xb4 axb4 31. Qxf5 Qa1 32. Rh6 Qg7 33. Rh4 e6 34. dxe6 fxe6 35. Qe4 Kh8 36. Bd3 h6 37. Qf4 e5 38. Rxh6+ Kg8 39. Bc4+ Rxc4 40. Qxc4+ 1-0

[Event "Medellin Feria de las Flores op"]
[Site "Medellin"]
[Date "2022.08.06"]
[Round "6"]
[White "Sanchez Arroyave, Juan Pablo"]
[Black "Perez Arroyave, Damian"]
[Result "1-0"]
[WhiteElo "2063"]
[BlackElo "1806"]
[PlyCount "63"]
[EventDate "2022.08.03"]
[EventType "swiss"]
[EventRounds "9"]
[EventCountry "COL"]
[SourceTitle "CBM 209 Extra"]
[Source "ChessBase"]
[SourceDate "2022.09.30"]
[SourceVersion "1"]
[SourceVersionDate "2022.09.30"]
[SourceQuality "1"]

1. d4 d5 2. c4 e5 3. dxe5 d4 4. Nf3 Nc6 5. g3 Bg4 6. Bg2 Qd7 7. 0-0 0-0-0 8. Qb3 Bh3 9. e6 Bxe6 10. Ne5 Qd6 11. Nxc6 bxc6 12. Qa4 Qc5 13. Nd2 Ne7 14. b4 Qb6 15. Rb1 Bf5 16. Rb2 g6 17. c5 Qb5 18. Qxa7 Bg7 19. a4 Qb8 20. Qa6+ Kd7 21. Qc4 Be6 22. Qd3 Ke8 23. Ne4 h6 24. b5 Qa7 25. b6 cxb6 26. cxb6 Qxa4 27. b7 Be5 28. Bf4 Bc4 29. Bxe5 Bxd3 30. b8Q Rxb8 31. Rxb8+ Kd7 32. Nc5# 1-0

[Event "Medellin Aristizabal Cup"]
[Site "Medellin"]
[Date "2022.07.11"]
[Round "6"]
[White "Giraldo, Emanuel"]
[Black "Sanchez Arroyave, Juan Pablo"]
[Result "1/2-1/2"]
[WhiteElo "1650"]
[BlackElo "2079"]
[PlyCount "51"]
[EventDate "2022.07.08"]
[EventType "swiss"]
[EventRounds "7"]
[EventCountry "COL"]
[SourceTitle "CBM 209 Extra"]
[Source "ChessBase"]
[SourceDate "2022.09.30"]
[SourceVersion "1"]
[SourceVersionDate "2022.09.30"]
[SourceQuality "1"]

1. e4 c5 2. Nf3 e6 3. d4 cxd4 4. Nxd4 Nc6 5. Nb5 d6 6. c4 Nf6 7. N1c3 a6 8. Na3 Be7 9. Be3 0-0 10. Be2 b6 11. 0-0 Bb7 12. Qb3 Ne5 13. Bxb6 Qc8 14. f3 Qc6 15. Rac1 Rfb8 16. Be3 Qe8 17. Qd1 Bc6 18. Qd2 Rd8 19. Bb6 Rd7 20. f4 Ng6 21. Bf3 Qb8 22. Bf2 Qb7 23. Nd5 Rdd8 24. Nxe7+ Nxe7 25. Bh4 Nxe4 26. Qe2 1/2-1/2

[Event "COL-ch U20"]
[Site "Barranquilla"]
[Date "2022.07.07"]
[Round "2"]
[White "Sanchez Arroyave, Juan Pablo"]
[Black "Padilla, Daniel Eduardo"]
[Result "1-0"]
[WhiteElo "2079"]
[BlackElo "1708"]
[PlyCount "91"]
[EventDate "2022.07.06"]
[EventType "swiss"]
[EventRounds "9"]
[EventCountry "COL"]
[SourceTitle "EXT 2023"]
[Source "ChessBase"]
[SourceDate "2022.10.05"]
[SourceVersion "1"]
[SourceVersionDate "2022.10.05"]
[SourceQuality "1"]

1. Nf3 d5 2. d4 Nf6 3. c4 e6 4. g3 c6 5. Qc2 Nbd7 6. Bg2 dxc4 7. Qxc4 Nb6 8. Qc2 Be7 9. 0-0 Bd7 10. Ne5 Rc8 11. Nc3 0-0 12. Rd1 Be8 13. e4 Nfd7 14. Nd3 f6 15. Nf4 Bf7 16. Bh3 e5 17. Ne6 Bxe6 18. Bxe6+ Kh8 19. Be3 exd4 20. Bxd4 c5 21. Be3 Rc6 22. Bf5 g6 23. Bh3 Bd6 24. Nb5 Bb8 25. a4 a6 26. Na3 Bd6 27. a5 Nc8 28. Nc4 Qe7 29. Bxd7 Qxd7 30. e5 fxe5 31. Nxe5 Qe8 32. Nxc6 Qxc6 33. Qc3+ Kg8 34. Qc4+ Kg7 35. Rac1 Ne7 36. Bd4+ Kh6 37. Bxc5 Bxc5 38. Qxc5 Qf3 39. Rd7 Rf5 40. Qd4 Nc6 41. Qd2+ g5 42. Rd6+ Kh5 43. h3 Ne5 44. Rc3 Qe4 45. g4+ Kh4 46. Rh6# 1-0

[Event "Pereira Gildardo Garcia Memorial-A"]
[Site "Pereira"]
[Date "2022.05.19"]
[Round "4"]
[White "Torres, Juan Camilo"]
[Black "Sanchez Arroyave, Juan Pablo"]
[Result "1-0"]
[WhiteElo "2273"]
[BlackElo "2096"]
[PlyCount "56"]
[EventDate "2022.05.18"]
[EventType "swiss"]
[EventRounds "10"]
[EventCountry "COL"]
[SourceTitle "CBM 208 Extra"]
[Source "ChessBase"]
[SourceDate "2022.07.31"]
[SourceVersion "1"]
[SourceVersionDate "2022.07.31"]
[SourceQuality "1"]

1. d4 Nf6 2. Nf3 e6 3. c4 Bb4+ 4. Bd2 Qe7 5. g3 Nc6 6. Nc3 0-0 7. Bg2 d6 8. d5 Nb8 9. dxe6 Qxe6 10. Nd5 Nxd5 11. cxd5 Bxd2+ 12. Qxd2 Qe7 13. 0-0 a5 14. Rac1 b6 15. Nd4 Na6 16. e4 Bb7 17. Rfe1 Nc5 18. b3 Rfe8 19. a3 Qd7 20. b4 Na6 21. Bf1 Rec8 22. Bb5 Qe7 23. Bxa6 Rxa6 24. b5 Ra7 25. Nf5 Qf6 26. Qc3 Qxc3 27. Rxc3 Kf8 28. Rec1 Kg8 1-0

[Event "Medellin Raza op"]
[Site "Medellin"]
[Date "2021.10.10"]
[Round "8"]
[White "Sanchez Arroyave, Juan Pablo"]
[Black "Betancourt Giraldo, David Rogelio"]
[Result "1-0"]
[WhiteElo "1976"]
[BlackElo "2166"]
[PlyCount "51"]
[EventDate "2021.10.06"]
[EventType "swiss"]
[EventRounds "9"]
[EventCountry "COL"]
[SourceTitle "EXT 2023"]
[Source "ChessBase"]
[SourceDate "2022.10.05"]
[SourceVersion "1"]
[SourceVersionDate "2022.10.05"]
[SourceQuality "1"]

1. d4 g6 2. c4 Bg7 3. Nf3 d6 4. Nc3 Nf6 5. g3 0-0 6. Bg2 Nbd7 7. 0-0 e5 8. e4 Re8 9. h3 h6 10. Be3 exd4 11. Nxd4 Nc5 12. Qc2 a5 13. Rad1 c6 14. Nxc6 Qc7 15. Nd4 Qe7 16. Rfe1 Ra6 17. Ndb5 Rc6 18. Bf4 Rd8 19. e5 dxe5 20. Rxe5 Rxd1+ 21. Qxd1 Re6 22. Rxe6 Nxe6 23. Be3 Ne8 24. Nd5 Qd8 25. Qd2 Kh7 26. Nb6 1-0

[Event "Medellin Raza op"]
[Site "Medellin"]
[Date "2021.10.07"]
[Round "3"]
[White "Ruiz Agudelo, Jeronimo"]
[Black "Sanchez Arroyave, Juan Pablo"]
[Result "1/2-1/2"]
[WhiteElo "1648"]
[BlackElo "1976"]
[PlyCount "95"]
[EventDate "2021.10.06"]
[EventType "swiss"]
[EventRounds "9"]
[EventCountry "COL"]
[SourceTitle "EXT 2023"]
[Source "ChessBase"]
[SourceDate "2022.10.05"]
[SourceVersion "1"]
[SourceVersionDate "2022.10.05"]
[SourceQuality "1"]

1. e4 c5 2. Nf3 e6 3. d4 cxd4 4. Nxd4 Nf6 5. Nc3 Qc7 6. Be2 a6 7. 0-0 Nc6 8. Kh1 Bb4 9. Nxc6 bxc6 10. Qd3 d5 11. Bg5 Be7 12. f4 h6 13. Bh4 0-0 14. e5 Ne8 15. Qg3 c5 16. Bxe7 Qxe7 17. f5 Qg5 18. Qd3 Nc7 19. Rf3 c4 20. Qd4 exf5 21. Rg3 Qe7 22. Nxd5 Nxd5 23. Qxd5 Bb7 24. Qd6 Qxd6 25. exd6 Rad8 26. Rd1 Rfe8 27. Bxc4 Rxd6 28. Rgd3 Rxd3 29. Bxd3 f4 30. Kg1 Kf8 31. Kf2 Ke7 32. Re1+ Kd8 33. Rxe8+ Kxe8 34. b4 Kd7 35. a4 Bc6 36. b5 axb5 37. Bxb5 Bxb5 38. axb5 f5 39. c4 Kd6 40. b6 Kc6 41. c5 g5 42. Kf3 Kb7 43. h4 Kc6 44. g4 fxg3 45. Kxg3 gxh4+ 46. Kxh4 Kb7 47. Kh5 Kc6 48. Kh4 1/2-1/2

[Event "COL-ch sf"]
[Site "Santa Rosa"]
[Date "2021.08.16"]
[Round "11"]
[White "Sanchez Arroyave, Juan Pablo"]
[Black "Parra Meza, Brayan"]
[Result "1/2-1/2"]
[WhiteElo "1988"]
[BlackElo "1837"]
[PlyCount "54"]
[EventDate "2021.08.11"]
[EventType "swiss"]
[EventRounds "11"]
[EventCountry "COL"]
[SourceTitle "CBM 204 Extra"]
[Source "ChessBase"]
[SourceDate "2021.11.30"]
[SourceVersion "1"]
[SourceVersionDate "2021.11.30"]
[SourceQuality "1"]

1. d4 Nf6 2. c4 c5 3. d5 b5 4. Qc2 bxc4 5. e4 g6 6. Bxc4 Bg7 7. Nf3 0-0 8. 0-0 d6 9. Nc3 Ba6 10. Nd2 Nfd7 11. b3 Ne5 12. Bb2 Nxc4 13. Nxc4 Nd7 14. Rfe1 Bxc4 15. bxc4 Rb8 16. Nd1 Qa5 17. Kf1 Bxb2 18. Nxb2 Ne5 19. a3 Rxb2 20. Qxb2 Nd3 21. Qb3 Nxe1 22. Rxe1 Qd2 23. Re2 Qd4 24. g3 f5 25. exf5 Rxf5 26. Kg2 Re5 27. Rxe5 Qxe5 1/2-1/2

[Event "COL-ch sf"]
[Site "Santa Rosa"]
[Date "2021.08.16"]
[Round "10"]
[White "Soto, Cristian Camilo"]
[Black "Sanchez Arroyave, Juan Pablo"]
[Result "1-0"]
[WhiteElo "2088"]
[BlackElo "1988"]
[PlyCount "139"]
[EventDate "2021.08.11"]
[EventType "swiss"]
[EventRounds "11"]
[EventCountry "COL"]
[SourceTitle "CBM 204 Extra"]
[Source "ChessBase"]
[SourceDate "2021.11.30"]
[SourceVersion "1"]
[SourceVersionDate "2021.11.30"]
[SourceQuality "1"]

1. Nf3 Nf6 2. g3 d5 3. Bg2 e6 4. 0-0 Be7 5. d3 0-0 6. Nbd2 c5 7. e4 Nc6 8. e5 Nd7 9. Re1 Qc7 10. Qe2 b5 11. Nf1 a5 12. h4 Ba6 13. Bf4 Qb6 14. h5 c4 15. h6 g6 16. N1h2 Rac8 17. Ng4 b4 18. Rad1 b3 19. axb3 cxd3 20. cxd3 Qxb3 21. Bg5 Qa4 22. Bxe7 Nxe7 23. Ng5 Nf5 24. Qf3 Qd4 25. Ne4 dxe4 26. dxe4 Nxe5 27. Nxe5 Qxe5 28. exf5 Qxf5 29. Qe3 Qf6 30. Rd6 Bc4 31. b3 Bb5 32. Rd4 Rc5 33. Bh3 Bc6 34. Rf4 Qc3 35. Qxe6 Bd5 36. Qe8 Bc6 37. Qe7 Rh5 38. Rxf7 Qxe1+ 39. Qxe1 Rxf7 40. Bg2 Bd7 41. Qd2 Re5 42. f4 Re8 43. Qxa5 Be6 44. Bc6 Rc8 45. Bd5 Rc1+ 46. Kh2 Rc2+ 47. Kg1 Rc1+ 48. Kf2 Bxd5 49. Qd8+ Rf8 50. Qxd5+ Rf7 51. b4 Rc8 52. g4 Kf8 53. Kg3 Re7 54. b5 Rcc7 55. Kh4 Rcd7 56. Qc6 Kf7 57. Kg5 Rc7 58. Qd5+ Ke8 59. b6 Rb7 60. Qc6+ Kf7 61. f5 gxf5 62. gxf5 Kf8 63. f6 Red7 64. Kf5 Kf7 65. Ke5 Kg6 66. Ke6 Rf7 67. Qg2+ Kxh6 68. Ke5 Kh5 69. Qg1 h6 70. Kf5 1-0

[Event "COL-ch sf"]
[Site "Santa Rosa"]
[Date "2021.08.12"]
[Round "2"]
[White "Toro Ortega, Jhefferson"]
[Black "Sanchez Arroyave, Juan Pablo"]
[Result "0-1"]
[WhiteElo "1363"]
[BlackElo "1988"]
[PlyCount "44"]
[EventDate "2021.08.11"]
[EventType "swiss"]
[EventRounds "11"]
[EventCountry "COL"]
[SourceTitle "CBM 204 Extra"]
[Source "ChessBase"]
[SourceDate "2021.11.30"]
[SourceVersion "1"]
[SourceVersionDate "2021.11.30"]
[SourceQuality "1"]

1. d4 Nf6 2. c4 e6 3. Nc3 Bb4 4. Qc2 0-0 5. Bg5 h6 6. Bxf6 Qxf6 7. e3 c5 8. Nf3 Nc6 9. d5 exd5 10. cxd5 Ne7 11. Rd1 d6 12. Be2 Bf5 13. e4 Bh7 14. 0-0 Bxc3 15. bxc3 Ng6 16. Rb1 Nf4 17. c4 Rfe8 18. Rbe1 Rxe4 19. Bd3 Nxd3 20. Rxe4 Bxe4 21. Rd1 Bxf3 22. Rxd3 Qa1+ 0-1

[Event "COL-ch U18 final"]
[Site "Medellin"]
[Date "2021.06.20"]
[Round "7"]
[White "Salazar Grisales, Juan Jose"]
[Black "Sanchez Arroyave, Juan Pablo"]
[Result "0-1"]
[WhiteElo "1849"]
[BlackElo "1964"]
[PlyCount "84"]
[EventDate "2021.06.16"]
[EventType "swiss"]
[EventRounds "7"]
[EventCountry "COL"]
[SourceTitle "EXT 2022"]
[Source "ChessBase"]
[SourceDate "2021.10.06"]
[SourceVersion "1"]
[SourceVersionDate "2021.10.06"]
[SourceQuality "1"]

1. d4 d5 2. c4 c6 3. Nf3 Nf6 4. g3 g6 5. Bg2 Bg7 6. 0-0 0-0 7. Nbd2 Na6 8. b3 Nc7 9. Bb2 Bd7 10. Ne5 Bf5 11. e3 h5 12. Qe2 Re8 13. f3 dxc4 14. Ndxc4 Be6 15. Rfd1 Nd7 16. e4 Bxc4 17. Qxc4 Rf8 18. f4 Nb6 19. Qe2 e6 20. Rd2 Qe7 21. a4 Rfd8 22. Ba3 Qe8 23. Rf1 f6 24. Nc4 Nxc4 25. Qxc4 Kh7 26. Rfd1 Bh6 27. Kh1 Rac8 28. Re2 e5 29. Bh3 b5 30. Qc5 Ne6 31. Bxe6 Qxe6 32. fxe5 Bf8 33. Qc1 fxe5 34. Bxf8 Rxf8 35. Qc5 Qxb3 36. Qxa7+ Kh6 37. Rde1 Rf7 38. Qc5 Rcf8 39. Qc1+ Kh7 40. axb5 exd4 41. bxc6 Rf2 42. Rxf2 Rxf2 0-1

[Event "COL-ch U18 final"]
[Site "Medellin"]
[Date "2021.06.19"]
[Round "5"]
[White "Ospina Castro, Santiago"]
[Black "Sanchez Arroyave, Juan Pablo"]
[Result "1-0"]
[WhiteElo "1947"]
[BlackElo "1964"]
[PlyCount "69"]
[EventDate "2021.06.16"]
[EventType "swiss"]
[EventRounds "7"]
[EventCountry "COL"]
[SourceTitle "EXT 2022"]
[Source "ChessBase"]
[SourceDate "2021.10.06"]
[SourceVersion "1"]
[SourceVersionDate "2021.10.06"]
[SourceQuality "1"]

1. e4 c5 2. Nc3 e6 3. Nf3 a6 4. g3 b5 5. Bg2 Bb7 6. d3 d6 7. 0-0 Nf6 8. Re1 e5 9. Bg5 Nbd7 10. a4 bxa4 11. Nxa4 Be7 12. b3 0-0 13. Nb2 Nb6 14. Bxf6 Bxf6 15. Nc4 Re8 16. Nfd2 Qc7 17. Nxb6 Qxb6 18. Nc4 Qc7 19. Qd2 Bd8 20. f4 exf4 21. gxf4 Bh4 22. Re2 Rad8 23. e5 dxe5 24. Bxb7 Qxb7 25. fxe5 Re6 26. Rg2 Qd5 27. Rf1 Rg6 28. Rxg6 hxg6 29. Qf4 g5 30. Qf3 Qe6 31. Qf5 Qd5 32. Nd6 f6 33. Ne4 fxe5 34. Qg6 Qd4+ 35. Kg2 1-0

[Event "COL-ch U18 final"]
[Site "Medellin"]
[Date "2021.06.19"]
[Round "6"]
[White "Sanchez Arroyave, Juan Pablo"]
[Black "Castano, Saray"]
[Result "1-0"]
[WhiteElo "1964"]
[BlackElo "1590"]
[PlyCount "62"]
[EventDate "2021.06.16"]
[EventType "swiss"]
[EventRounds "7"]
[EventCountry "COL"]
[SourceTitle "EXT 2022"]
[Source "ChessBase"]
[SourceDate "2021.10.06"]
[SourceVersion "1"]
[SourceVersionDate "2021.10.06"]
[SourceQuality "1"]

1. Nf3 Nf6 2. g3 g6 3. Bg2 Bg7 4. 0-0 0-0 5. d4 d6 6. c4 c6 7. Nc3 Na6 8. e4 Bg4 9. h3 Bxf3 10. Bxf3 e5 11. d5 c5 12. Bg2 Ne8 13. Be3 Nec7 14. Qd2 Rb8 15. a4 Nb4 16. f4 a6 17. f5 b5 18. Bh6 f6 19. fxg6 hxg6 20. axb5 axb5 21. cxb5 Nxb5 22. Nxb5 Rxb5 23. Bxg7 Kxg7 24. Ra7+ Rf7 25. Rxf7+ Kxf7 26. Qh6 Qg8 27. Ra1 Rb7 28. Ra8 Qg7 29. Qh4 Nd3 30. Rh8 Nxb2 31. Rh7 Nd3 1-0

[Event "COL-ch U18 final"]
[Site "Medellin"]
[Date "2021.06.17"]
[Round "3"]
[White "Toro Castaneda, Miguel Angel"]
[Black "Sanchez Arroyave, Juan Pablo"]
[Result "0-1"]
[WhiteElo "2032"]
[BlackElo "1964"]
[PlyCount "36"]
[EventDate "2021.06.16"]
[EventType "swiss"]
[EventRounds "7"]
[EventCountry "COL"]
[SourceTitle "EXT 2022"]
[Source "ChessBase"]
[SourceDate "2021.10.06"]
[SourceVersion "1"]
[SourceVersionDate "2021.10.06"]
[SourceQuality "1"]

1. e4 c5 2. Nf3 e6 3. d4 cxd4 4. Nxd4 a6 5. Bd3 Qc7 6. 0-0 Nc6 7. Nb3 b5 8. a4 b4 9. a5 Nf6 10. Be3 Be7 11. N1d2 d5 12. f4 dxe4 13. Bb6 Qb8 14. Nxe4 0-0 15. Rf3 Nd5 16. Ng5 f5 17. Be3 Nxe3 18. Rxe3 Qxf4 0-1

[Event "Medellin Luces op"]
[Site "Medellin"]
[Date "2020.12.14"]
[Round "5"]
[White "Larrea Munera, Johan Darwin"]
[Black "Sanchez Arroyave, Juan Pablo"]
[Result "0-1"]
[WhiteElo "1405"]
[BlackElo "1988"]
[PlyCount "54"]
[EventDate "2020.12.12"]
[EventType "swiss"]
[EventRounds "7"]
[EventCountry "COL"]
[SourceTitle "CBM 199 Extra"]
[Source "ChessBase"]
[SourceDate "2021.01.31"]
[SourceVersion "1"]
[SourceVersionDate "2021.01.31"]
[SourceQuality "1"]

1. e4 c5 2. Nc3 e6 3. f4 d5 4. d4 dxe4 5. Nxe4 cxd4 6. Nf3 Nc6 7. Bc4 Nf6 8. Nxf6+ Qxf6 9. Bb5 Bb4+ 10. Bd2 Bd6 11. 0-0 0-0 12. Bxc6 bxc6 13. c3 Ba6 14. Re1 dxc3 15. Bxc3 Qxf4 16. g3 Bc5+ 17. Kg2 Qd6 18. Qa4 Qd3 19. Qxc6 Rac8 20. Qa4 Bb7 21. Qg4 Qg6 22. Qa4 Bc6 23. Qa6 Qc2+ 24. Re2 Bxf3+ 25. Kxf3 Qf5+ 26. Kg2 Qd5+ 27. Kf1 Qh1# 0-1